000 00677pam a2200229 a 4500
001 1998156
005 20231120050749.0
008 900319s1990 nyu b 001 0 eng
020 _a0415901774 :
020 _a0415901782 (pbk.) :
040 _aDLC
_cDLC
_dDLC
082 0 0 _a305.42/0973
_220
245 0 0 _aConflicts in feminism /
_cedited by Marianne Hirsch & Evelyn Fox Keller.
260 _aNew York :
_bRoutledge,
_c1990.
300 _aix, 397 p. ;
650 0 _aFeminism
650 0 _aFeminist criticism
700 1 _aHirsch, Marianne.
_eedt
700 1 _aKeller, Evelyn Fox,
_eedt
856 4 2 _uhttp://www.loc.gov/catdir/enhancements/fy0647/90034999-d.html
942 _cL
999 _c41
_d41